Reading Gandhi : (Record no. 40643)

MARC details
000 -LEADER
fixed length control field 00757nam a22002057a 4500
005 - DATE AND TIME OF LATEST TRANSACTION
control field 20100810133910.0
010 ## - LCCN (DPL NO)
LC control number ENG-99369
020 ## - INTERNATIONAL STANDARD BOOK NUMBER
International Standard Book Number 8171981518
Terms of availability 125.00
035 ## - SYSTEM CONTROL NUMBER
System control number EN-82901
037 ## - SOURCE OF ACQUISITION
Source of stock number/acquisition DBAD/PUB
082 ## - DEWEY DECIMAL CLASSIFICATION NUMBER
Classification number 301.153
100 ## - MAIN ENTRY--PERSONAL NAME
Personal name Gauba,O P
245 ## - TITLE STATEMENT
Title Reading Gandhi :
Remainder of title Interdisciplinary approach to the study of Gandhian political philosophy /
Statement of responsibility, etc by O P Gauba
260 ## - PUBLICATION, DISTRIBUTION, ETC. (IMPRINT)
Place of publication, distribution, etc Noida
Name of publisher, distributor, etc Mayur Peperbacks
Date of publication, distribution, etc 2009
270 ## - ADDRESS
Address A-95 Sector-5 Noida
City Noida
Postal code 201301
300 ## - PHYSICAL DESCRIPTION
Extent vi,187p
Dimensions 22cm(pbk)
500 ## - GENERAL NOTE
General note Includes index
942 ## - ADDED ENTRY ELEMENTS (KOHA)
Source of classification or shelving scheme Dewey Decimal Classification
Item type English Books
Classification part 301.153
Call number suffix GAU
Holdings
Withdrawn status Lost status Not for loan Collection code Home library Current library Date acquired Source of acquisition Cost, normal purchase price Full call number Barcode Copy number Cost, replacement price Koha item type
    Not For Loan Non-fiction D.B.Act.Division D.B.Act.Division 10/08/2010 DBAD/PUB 125.00 301.153 GAU EN-82901 1 125.00 English Books

© Delhi Public Library
Hit Counter
free hit counter